Σύνδεση των αξιών των δασικών οικοσυστημάτων και της ποιότητας ζωής σε αγροτικές περιοχές : διατριβή

Αποθηκεύτηκε σε:
Λεπτομέρειες βιβλιογραφικής εγγραφής
Κύριος συγγραφέας: Κούβαρη, Μαρία
Συγγραφή απο Οργανισμό/Αρχή: Πανεπιστήμιο Αιγαίου Σχολή Περιβάλλοντος Τμήμα Περιβάλλοντος Πρόγραμμα Μεταπτυχιακών Σπουδών Περιβαλλοντική Πολιτική και Διαχείριση
Άλλοι συγγραφείς: Δημητρακόπουλος, Παναγιώτης Γ. (Εισηγητής διατριβής)
Μορφή: Thesis Βιβλίο
Γλώσσα:Greek
Δημοσίευση: 2008
Θέματα:
Διαθέσιμο Online:http://hdl.handle.net/11610/15172
Ετικέτες: Προσθήκη ετικέτας
Δεν υπάρχουν, Καταχωρήστε ετικέτα πρώτοι!

MARC

LEADER 00000cam a2200000 i 4500
001 1/104043
008 090409s2008 gre d
035 |l 10104276 
040 |a GR-MY-UA  |b gre  |e aacr 
041 0 |a gre 
082 0 |a 333.72  |2 (22) 
100 1 |a Κούβαρη, Μαρία. 
245 1 0 |a Σύνδεση των αξιών των δασικών οικοσυστημάτων και της ποιότητας ζωής σε αγροτικές περιοχές :  |b διατριβή /  |c Κούβαρη Μαρία ; επιβλέπων καθηγητής: Δημητρακόπουλος Παναγιώτης 
260 |c 2008 
300 |a 134 σ.;  |b διαγρ., πίν.;  |c 30 εκ. 
502 |a Διατριβή (μεταπτυχιακή) – Πανεπιστήμιο Αιγαίου, Λέσβος, 2008. 
504 |a Βιβλιογραφία: σ. 123-126 
650 0 0 |a Rural population  |x Attitudes. 
650 0 0 |a Environmental protection  |x Citizen participation. 
650 0 0 |a Environmental protection  |x Public opinion. 
650 0 0 |a Environmental protection  |x Social aspects. 
650 0 0 |a Dissertations, Academic  |z Greece. 
700 1 |4 ths  |a Δημητρακόπουλος, Παναγιώτης Γ. 
710 2 |a Πανεπιστήμιο Αιγαίου  |b Σχολή Περιβάλλοντος  |b Τμήμα Περιβάλλοντος  |b Πρόγραμμα Μεταπτυχιακών Σπουδών Περιβαλλοντική Πολιτική και Διαχείριση. 
852 |a INST  |b LESVOS  |c DIATR  |e 20090409  |h 501  |p 005100045343  |q 005100045343  |t MTXE  |y 23 
852 |a INST  |b LESVOS  |c DIATR  |e 20090409  |h 502  |p 005100045344  |q 005100045344  |t MTXE  |y 23 
856 |u http://hdl.handle.net/11610/15172 
901 |a BIBL1-2009-1 
909 |a Λ  |b 130357 
909 |a Λ  |b 130356 
924 |a ΚΟΥΒΑΡΗ  |b ΜΑΡΙΑ  |y ΛΕΣΒΟΣ  |z 2008-03 
970 |a ΤΖΑΦΕΡΗ  |b ΕΥΑΓΓΕΛΙΑ  |z 2009/04/09